Statistics for Star Wars Andor Characters

Click here to take the quiz!

General Stats

  • This quiz has been taken 150 times
    (106 since last reset)
  • The average score is 21 of 40

Answer Stats

HintAnswer% Correct
Main characterCassian Andor
100%
Cassian’s adopted motherMaarva Andor
99%
Cassian’s adopted fatherClem Andor
86%
Rebel who doubles as an antiques sellerLuthen Rael
86%
Senator for Chandrila and secret RebelMon Mothma
86%
Cassian’s friend and ex-lover who was tortured by the EmpireBix Caleen
83%
Deputy Inspector who hunts Andor and stalks DedraSyril Karn
81%
ISB Officer investigating Rebel incidentsDedra Meero
76%
Mon’s cousinVel Sartha
76%
Maarva’s droidB2 EM0
65%
Prison labour bossKino Loy
65%
Imperial helping the rebels on AldhaniLieutenant Gorn
64%
Rebel extremist who met with LuthenSaw Gerrera
64%
Above’s name on KenariKassa
61%
Bix’s boyfriend who reports CassianTimm Karlo
56%
Vel’s loverCinta Kaz
53%
Rebel on Aldhani who wrote a manifestoKaris Nemik
51%
Prisoner who later aides Rogue OneRuescott Melshi
49%
Cassian’s friend who helped Maarva and B2Brasso
47%
Mon Mothma’s husbandPerrin Fertha
46%
Rebel on Aldhani who betrayed the groupArvel Skeen
44%
ISB ColonelWullf Yularen
44%
Syril’s motherEedy Karn
43%
Rebel leader whose group was massacredAnto Kreegyr
40%
Head Imperial officer of the ISBMajor Partagaz
40%
Partisan who Luthen accuses of working with himTwo Tubes
40%
Luthen’s assistantKleya Marki
39%
ISB Agent who gave info to LuthenLonni Jung
38%
Mon Mothma’s childhood friendTay Kolma
38%
Mon Mothma’s daughterLeida
35%
Prisoner who diesUlaf
35%
ISB officer who lost control of the Ferrix case and is investigating MonLieutenant Supervisor Blevin
32%
Rebel on AldhaniTaramyn Barcona
32%
Man who tortured BixDoctor Gorst
29%
Pre-Mor OfficerLinus Mosk
29%
Ferrix rebel who threw a grenade at the ImperialsWilmon Paak
28%
Banker who speaks with Mon MothmaDavo Sculdun
25%
Man who helped Bix contact Luthen and was torturedSalman Paak
25%
Gorn’s superiorJayhold Beehaz
21%
Imperial captain on FerrixVanis Tigo
7%

Score Distribution

Percentile by Number Answered

Percent of People with Each Score

Your Score History

You have not taken this quiz since the last reset